Real Madrid Players that won the CL - Statistics

General Stats
  • This quiz has been taken 214 times
  • The average score is 38 of 73
Answer Stats
Nation Player % Correct
Germany Toni Kroos
97%
Croatia Luka Modric
92%
Portugal Cristiano Ronaldo
91%
Belgium Thibaut Courtois
87%
Wales Gareth Bale
86%
Brazil Vinicius Jr
84%
France Karim Benzema
83%
Costa Rica Keylor Navas
83%
Brazil Rodrygo
83%
Argentina Angel di Maria
81%
Austria David Alaba
81%
Brazil Marcelo
80%
France Zinedine Zidane
80%
Uruguay Federico Valverde
79%
Spain Daniel Carvajal
78%
Spain Sergio Ramos
78%
Colombia James Rodriguez
77%
Spain Kiko Casilla
77%
Portugal Pepe
77%
Ukraine Andriy Lunin
75%
Brazil Eder Militao
73%
France Eduardo Camavinga
73%
Brazil Casemiro
72%
France Raphael Varane
71%
Belgium Eden Hazard
70%
Croatia Mateo Kovacic
70%
Germany Sami Khedira
70%
Spain Isco
68%
France Ferland Mendy
67%
Portugal Fabio Coentrao
66%
Portugal Luis Figo
66%
Spain Marco Asensio
66%
Brazil Roberto Carlos
66%
Spain Iker Casillas
64%
Spain Raul
63%
Dominican Republic Mariano
62%
Spain Lucas Vazquez
60%
Spain Fernando Hierro
56%
Spain Guti
47%
England Steve McManaman
46%
Spain Alvaro Morata
45%
Spain Nacho Fernandez
45%
Spain Alvaro Arbeloa
43%
Croatia Davor Suker
43%
Netherlands Clarence Seedorf
41%
Spain Dani Ceballos
41%
Spain Fernando Morientes
40%
France Claude Makelele
39%
France Theo Hernandez
37%
Brazil Danilo
35%
Spain Diego Lopez
34%
Argentina Fernando Redondo
33%
Spain Michel Salgado
33%
Serbia-Montenegro Predrag Mijatovic
33%
Spain Ivan Helguera
29%
Spain Jese
27%
Argentina Santiago Solari
27%
Germany Bodo Illgner
26%
Spain Cesar Sanchez
26%
Spain Manola Sanchis
24%
France Nicolas Anelka
24%
Brazil Savio
23%
Italy Christian Panucci
21%
Spain Asier Illarramendi
20%
France Christian Karembeu
20%
Spain Aitor Karanka
19%
Spain Ivan Campo
17%
Spain Borja Mayoral
12%
Brazil Flavio Conceicao
12%
Spain Francisco Pavon
12%
Spain Pedro Munitis
5%
Spain Fernando Sanz
2%
Spain Jaime
2%
No matching quizzes found
Score Distribution
Percent of People with Each Score
Percentile by Number Answered
Your Score History
You have not taken this quiz